| 000 | 00976nam a2200253Ia 4500 | ||
|---|---|---|---|
| 003 | OSt | ||
| 005 | 20221005105115.0 | ||
| 006 | a|||||r|||| 00| 0 | ||
| 007 | ta | ||
| 008 | 221004b |||||||| |||| 00| 0 hin d | ||
| 024 | _a30171 | ||
| 037 | _cTextual | ||
| 040 |
_aCRL _cCRL _bhin |
||
| 041 |
_2hin _ahin |
||
| 082 | _aV2.L, K9 | ||
| 100 | _aअशरफ, के एम | ||
| 245 | 0 | _aहिंदुस्तान के निवासियों का जीवन और उनकी परिस्थितियॉं | |
| 246 | _aHiandustān ke nivāsiyoan kā jīvan aur unakī paristhitiyaॉan | ||
| 260 |
_aदिल्ली _bहिंदी माध्यम कार्यान्वय निदेशालय भारत _c1969 |
||
| 300 |
_a324पृ. _ccm. |
||
| 700 | _a लाल, के एस | ||
| 942 |
_hV2.L, K9 _cTEXL _2cc |
||
| 999 |
_c1014763 _d1014763 |
||